000 00338nam a2200145Ia 4500
008 230718s9999 xx 000 0 und d
041 _aEng.
082 _a346.104
_bPIL-W
100 _aPilcher, Rosamunde
245 0 _aWinter Solstice
260 _aPakistan
_boxford anivery for
_c2000
300 _a245
650 _aLaw
999 _c26727
_d26727